00363nam a22001577a 4500003000500000005001700005008004100022020001800063040000600081082001500087100001300102245003800115260003400153300001000187500000800197NUST20171215103500.0171215b xxu||||| |||| 00| 0 eng d a9788171325917 c0 a660.62 MOD aModi,H.A aMicrobial BiotechnologycH.A.Modi aJaipur, IndiabPointerc2009. a404p. aH.B